banner-ar

قاموس الالوان عند العرب / (Record no. 30608)

MARC details
000 -الفاتح
حقل البيانات ثابتة الطول 00788nam a2200217Ia 4500
005 - وقت وتاريخ اخر تعامل مع التسجيلة
رقم الضبط 20240530102219.0
008 - عناصر البيانات ثابتة الطول - معلومات عامة
حقل البيانات ثابتة الطول 140319s9999 xx 000 0 ara d
040 ## - مصدر الفهرسة
وكالة الفهرسة الأصلية GCL /
وكالة النسخ GCL
082 04 - رقم تصنيف ديوى العشرى
رقم التصنيف 413.1 /
رقم المادة ع ق
100 1# - المدخل الرئيسى - إسم شخصى
الإسم الشخصى عبدالحميد ابراهيم
245 10 - بيان العنوان
العنوان قاموس الالوان عند العرب /
بيان المسئوليه,etc عبدالحميد ابراهيم
260 ## - PUBLICATION, DISTRIBUTION, ETC. (IMPRINT)
تاريخ النشر أو التوزيع 1989
300 ## - الوصف المادى
التعداد 302 ص؛
تفاصيل ماديه اخرى للوعاء 24 سم
650 04 - المدخل الاضافى بالموضوع-مصطلح موضوعى
مصطلح موضوعي الشعر العربى
650 04 - المدخل الاضافى بالموضوع-مصطلح موضوعى
مصطلح موضوعي الحضارة العربية الاسلامية - المعارف البحرية
650 04 - المدخل الاضافى بالموضوع-مصطلح موضوعى
مصطلح موضوعي اللغة العربية
650 04 - المدخل الاضافى بالموضوع-مصطلح موضوعى
مصطلح موضوعي المعاجم
650 04 - المدخل الاضافى بالموضوع-مصطلح موضوعى
مصطلح موضوعي الالوان
942 ## - عناصر المدخل الإضافي( كوها)
مصدر التصنيف او مخطط الترفيف Dewey Decimal Classification
Koha [default] item type كتاب
260 ## - PUBLICATION, DISTRIBUTION, ETC. (IMPRINT)
-- القاهرة :
-- الهيئة المصرية العامة للكتاب،
Holdings
حالة التراجع حالة الفقد حالة تلف ليس للاعارة المكان المؤقت الموقع الحالى تاريخ الاكتساب اجمالي اﻻعارات رقم الطلب الباركود تاريخ اخر مشاهدة تاريخ تفعيل السعر نوع وعاء كوها موقع الترفيف
        مكتبة القاهرة الكبرى مكتبة القاهرة الكبرى 03/26/2014   413.1\ع ق 71345 03/26/2014 03/26/2014 كتاب  
        مكتبة القاهرة الكبرى مكتبة القاهرة الكبرى 08/31/2022   413.1 / ع ق 168379 08/31/2022 08/31/2022 كتاب  

Powered By

EGPV